[Event "Najdorf Memorial 12th"]
[Site "Buenos Aires"]
[Date "2001.09.09"]
[Round "6"]
[White "Radjabov, Teimour"]
[Black "Mecking, Henrique"]
[Result "1-0"]
[WhiteElo "2558"]
[BlackElo "2552"]
[Annotator "Hecht,H"]
[PlyCount "153"]
[EventDate "2001.09.04"]
[EventType "tourn"]
[EventRounds "9"]
[EventCountry "ARG"]
[EventCategory "14"]
[SourceTitle "CBM 085"]
[Source "ChessBase"]
[SourceDate "2001.11.13"]
[SourceVersion "1"]
[SourceVersionDate "2001.11.13"]
[SourceQuality "1"]

1. d4 d5 2. c4 c6 3. Nc3 Nf6 4. e3 Bg4 5. Qb3 Qb6 6. Qxb6 axb6 7. f3 Bf5 8. g4
Be6 9. g5 Nfd7 10. cxd5 Bxd5 11. Bd3 Na6 12. Nxd5 cxd5 13. Bd2 e6 14. Ne2 Nb4
15. Bxb4 Bxb4+ 16. Kf2 h6 17. g6 f5 18. Nf4 Nf8 19. e4 dxe4 20. fxe4 fxe4 21.
Bxe4 Rd8 22. Ke3 Be7 23. h4 Bf6 24. Rad1 Ke7 25. Bxb7 Nd7 26. Bc6 Nb8 27. Be4
Na6 28. Nh5 Rhf8 29. Nxf6 Rxf6 30. Rhf1 Rxf1 31. Rxf1 Rd7 32. Rf7+ Kd6 33.
Rxd7+ Kxd7 {[#] Ausspielen eines passiven Springers - Achtung Falle! Die
schwarze Verteidigung beruht auf dem Erreichen einer theoretischen
Remisstellung.} 34. a3 Kd6 35. b4 b5 36. Bc2 Nc7 37. Bb3 Ne8 38. a4 bxa4 39.
Bxa4 Nc7 40. Bb3 e5 41. Bc4 exd4+ 42. Kxd4 Na8 43. Bb3 Nb6 44. Bf7 Nd7 45. Bd5
Nb6 46. Be4 Nd7 47. Kc4 Nf6 48. Bf3 Nd7 49. Kb5 Ne5 50. Be4 Nd7 51. Bb1 Nf6 52.
Ba2 Nd7 53. Bf7 Ne5 54. Kb6 Nf3 (54... Nc6 $2 55. b5 Nd4 56. Ka6 Nxb5 57. Kxb5
Ke7 58. Kc6 Kf8 59. Kd6 h5 60. Ke5 $18) 55. h5 Nd4 {Jetzt droht Sc2 nebst
Opfer des Springers, weil nach dem weißen h5 die Festung wasserdicht wäre!} 56.
Kb7 Kd7 57. Bd5 Kd6 58. Be4 Kd7 59. Bd3 Kd8 60. Kb6 Kd7 61. Bb5+ Kd6 62. Ba4
Ne6 63. Kb7 Nd4 64. Kc8 {Die Umgehungsdrohung erzwingt den Gewinn des Feldes
c7. Radjabov gewinnt damit entscheidendes Terrain.} Ke7 (64... Ne6 65. Bd7 Nf8
66. Bh3 $18) 65. Kc7 Ne6+ 66. Kc6 Nd4+ 67. Kd5 Ne6 68. Ke5 Nc7 69. Bc6 Ne6 70.
b5 Nd8 71. Bd5 Kd7 72. b6 Ke7 73. Be4 ({Nochmals} 73. b7 $2 Nxb7 74. Bxb7 Kf8
$11) 73... Kd7 74. Bg2 Ke7 75. Bh3 Nb7 76. Kd5 Nd8 77. Bc8 1-0

[Event "Najdorf Memorial 12th"]
[Site "Buenos Aires"]
[Date "2001.09.11"]
[Round "7"]
[White "Kortschnoj, Viktor Lvovich"]
[Black "Radjabov, Teimour"]
[Result "1/2-1/2"]
[WhiteElo "2617"]
[BlackElo "2558"]
[PlyCount "98"]
[EventDate "2001.09.04"]
[EventType "tourn"]
[EventRounds "9"]
[EventCountry "ARG"]
[EventCategory "14"]
[SourceTitle "CBM 085"]
[Source "ChessBase"]
[SourceDate "2001.11.13"]
[SourceVersion "1"]
[SourceVersionDate "2001.11.13"]
[SourceQuality "1"]

1. c4 g6 2. e4 Bg7 3. d4 d6 4. Nc3 Nf6 5. Bd3 O-O 6. Nge2 Nc6 7. O-O Nh5 8. Bc2
e5 9. d5 Ne7 10. a4 f5 11. exf5 gxf5 12. Ng3 Nf4 13. Nh5 Nxh5 14. Qxh5 Ng6 15.
f4 exf4 16. Bxf4 Qf6 17. Rad1 Nxf4 18. Rxf4 Qh6 19. Rh4 Qxh5 20. Rxh5 Bxc3 21.
bxc3 Bd7 22. Kf2 Rae8 23. a5 Re5 24. Rb1 b6 25. axb6 axb6 26. Ra1 Be8 27. Rg5+
Bg6 28. Ra7 Re7 29. Kf3 Kg7 30. Kf4 h6 31. Rg3 Kf6 32. Bd3 Rfe8 33. Rf3 Kg7 34.
Rh3 Rf7 35. Rg3 Kf6 36. Rf3 Rfe7 37. Kg3 Rf7 38. Kh4 Kg7 39. Ra1 f4 40. Raf1
Be4 41. Re1 Rfe7 42. Rxe4 Rxe4 43. Bxe4 Rxe4 44. Kg4 Rxc4 45. Kf5 b5 46. Rd3
Ra4 47. Rd2 Rc4 48. Rd3 Ra4 49. Rd2 Rc4 1/2-1/2

[Event "Najdorf Memorial 12th"]
[Site "Buenos Aires"]
[Date "2001.09.12"]
[Round "8"]
[White "Radjabov, Teimour"]
[Black "Karpov, Anatoly"]
[Result "1/2-1/2"]
[WhiteElo "2558"]
[BlackElo "2692"]
[PlyCount "117"]
[EventDate "2001.09.04"]
[EventType "tourn"]
[EventRounds "9"]
[EventCountry "ARG"]
[EventCategory "14"]
[SourceTitle "CBM 085"]
[Source "ChessBase"]
[SourceDate "2001.11.13"]
[SourceVersion "1"]
[SourceVersionDate "2001.11.13"]
[SourceQuality "1"]

1. d4 Nf6 2. c4 e6 3. Nc3 Bb4 4. e3 O-O 5. Bd3 c5 6. Nf3 d5 7. O-O cxd4 8. exd4
dxc4 9. Bxc4 b6 10. Bg5 Bb7 11. Rc1 Nc6 12. a3 Bxc3 13. Rxc3 Rc8 14. Ba2 Ne7
15. Rxc8 Qxc8 16. Ne5 Nfd5 17. Bxe7 Nxe7 18. Re1 Nd5 19. Bb1 Qd8 20. Be4 Ba8
21. Qd2 Ne7 22. f3 Qd6 23. Rc1 f6 24. Nc4 Qd7 25. Rd1 Rd8 26. Ne3 Bc6 27. Qc2
Rc8 28. Qb1 h6 29. Bxc6 Rxc6 30. Qe4 Kf7 31. Kf2 b5 32. Ke2 a6 33. g3 Rd6 34.
Ke1 Qd8 35. Ke2 Nd5 36. Nxd5 Rxd5 37. Rd3 a5 38. Qe3 Qd6 39. Qd2 b4 40. axb4
axb4 41. Ke1 Qb6 42. Ke2 h5 43. Kd1 Qd6 44. Kc2 Qc6+ 45. Kd1 Qa6 46. Qc2 h4 47.
gxh4 Qd6 48. Qc4 Qxh2 49. Qxb4 Qxh4 50. Kc2 Qh2+ 51. Qd2 Qd6 52. Qc3 Rb5 53.
Kb1 Qd7 54. Rd1 Qb7 55. Rd3 Rb6 56. Qc2 Rd6 57. Rc3 Rd7 58. Rc6 Qb5 59. Rc7
1/2-1/2

[Event "EU-chT (Men) 13th"]
[Site "Leon"]
[Date "2001.11.06"]
[Round "1.1"]
[White "Vallejo Pons, Francisco"]
[Black "Radjabov, Teimour"]
[Result "1/2-1/2"]
[WhiteElo "2630"]
[BlackElo "2567"]
[PlyCount "47"]
[EventDate "2001.11.06"]
[EventType "team-swiss"]
[EventRounds "9"]
[EventCountry "ESP"]
[SourceTitle "CBM 086"]
[Source "ChessBase"]
[SourceDate "2002.02.05"]
[SourceVersion "1"]
[SourceVersionDate "2002.02.05"]
[SourceQuality "1"]
[WhiteTeam "Spain"]
[BlackTeam "Azerbaijan"]
[WhiteTeamCountry "ESP"]
[BlackTeamCountry "AZE"]

1. e4 e6 2. d4 d5 3. Nc3 Nf6 4. Bg5 dxe4 5. Nxe4 Be7 6. Bxf6 Bxf6 7. Nf3 Nd7 8.
Qd2 O-O 9. O-O-O b6 10. Bc4 Bb7 11. Rhe1 Bd5 12. Bxd5 exd5 13. Ng3 c6 14. Nf5
Qc7 15. Qe3 g6 16. Nh6+ Kg7 17. Ng4 Kg8 18. Nfe5 Bg7 19. Nh6+ Bxh6 20. Qxh6
Nxe5 21. dxe5 Rae8 22. f4 Qd7 23. Qg5 Qe7 24. Qxe7 1/2-1/2

[Event "EU-chT (Men) 13th"]
[Site "Leon"]
[Date "2001.11.07"]
[Round "2.1"]
[White "Ivanchuk, Vassily"]
[Black "Radjabov, Teimour"]
[Result "1/2-1/2"]
[WhiteElo "2731"]
[BlackElo "2567"]
[PlyCount "31"]
[EventDate "2001.11.06"]
[EventType "team-swiss"]
[EventRounds "9"]
[EventCountry "ESP"]
[SourceTitle "CBM 086"]
[Source "ChessBase"]
[SourceDate "2002.02.05"]
[SourceVersion "1"]
[SourceVersionDate "2002.02.05"]
[SourceQuality "1"]
[WhiteTeam "Ukraine"]
[BlackTeam "Azerbaijan"]
[WhiteTeamCountry "UKR"]
[BlackTeamCountry "AZE"]

1. e4 e6 2. d4 d5 3. Nc3 Nf6 4. e5 Nfd7 5. f4 c5 6. Nf3 a6 7. Ne2 Nc6 8. c3 f6
9. a3 Be7 10. h4 O-O 11. h5 Qb6 12. Rh3 cxd4 13. cxd4 Na5 14. Ra2 Qb3 15. Nc3
Qxd1+ 16. Kxd1 1/2-1/2

[Event "EU-chT (Men) 13th"]
[Site "Leon"]
[Date "2001.11.08"]
[Round "3.1"]
[White "Radjabov, Teimour"]
[Black "Delchev, Aleksander"]
[Result "1-0"]
[WhiteElo "2567"]
[BlackElo "2634"]
[Annotator "Huebner,R"]
[PlyCount "101"]
[EventDate "2001.11.06"]
[EventType "team-swiss"]
[EventRounds "9"]
[EventCountry "ESP"]
[SourceTitle "CBM 086"]
[Source "ChessBase"]
[SourceDate "2002.02.05"]
[SourceVersion "1"]
[SourceVersionDate "2002.02.05"]
[SourceQuality "1"]
[WhiteTeam "Azerbaijan"]
[BlackTeam "Bulgaria"]
[WhiteTeamCountry "AZE"]
[BlackTeamCountry "BUL"]

1. d4 d5 2. c4 c6 3. Nc3 Nf6 4. e3 a6 5. Nf3 b5 6. b3 Bg4 7. Be2 e6 8. O-O Nbd7
9. Bb2 Qb8 10. cxd5 cxd5 11. h3 Bh5 12. Ne5 Bxe2 13. Qxe2 Bd6 14. Nxd7 Nxd7 15.
e4 O-O 16. Rac1 b4 17. Na4 Qb5 18. Rfe1 dxe4 19. Qxe4 Nf6 20. Qe2 Rfc8 21. Rc4
Rxc4 22. Qxc4 Nd5 23. Bc1 {Es fällt mir natürlich schwer zu glauben, daß Weiß
hier bereits eine Gewinnstellung besitzt.} Ne7 $6 (23... Ra7 {war eine bessere
Art, um den Besitz der c-Linie zu kämpfen. Nach} 24. Qc8+ Bf8 25. Nc5 {folgt}
Ne7 26. Qd8 Nc6) 24. Be3 Rc8 25. Qxb5 axb5 26. Nc5 Bxc5 $6 {Danach gewinnt der
c-Bauer des Weißen an Bedeutung, und dem Läufer winkt gelegentlich das Feld d4.
} ({Mit} 26... Nd5 {konnte Schwarz einigen Vorteil wahren, doch dürfte sich
Weiß nach} 27. Ne4 Be7 28. Re2 f5 29. Nc5 f4 30. Bc1 f3 31. gxf3 Bxc5 32. Rc2
Nc3 33. dxc5 Rxc5 34. Kg2 {halten können.}) 27. dxc5 Nd5 (27... Nc6 $5) 28. Bd4
Rc6 29. g3 f6 (29... g5 {sieht natürlicher aus:} 30. Re2 f6 31. Rd2 Kf7 32. f3
$11 {mit etwa gleichen Aussichten.}) 30. f4 h5 31. Rf1 Kf7 32. Kg2 Ra6 33. Rf2
h4 $6 (33... Ke7 34. Kf3 Kd7 $11) 34. g4 Nc3 {Jetzt ist die Sache schon nicht
mehr einfach. Nach} (34... Ke7 35. Kf3 Kd7 {folgt} 36. g5 {, und Weiß gewinnt.}
) 35. Bxc3 bxc3 36. Kf3 Ra8 37. Ke3 Rd8 $2 {Der Nachziehende überschätzt die
Kraft seiner Freibauern.} ({Nach} 37... b4 38. Kd3 Ke7 39. Kc4 Rb8 40. a4 bxa3
41. Kxc3 Ra8 42. Ra2 e5 43. fxe5 fxe5 44. b4 e4 45. Kb3 Kd7 46. Rd2+ Kc7 47.
Ka2 Rd8 {sollte Schwarz keine Probleme haben.}) 38. b4 Rd1 39. Rc2 Rh1 40. Kd4
Rxh3 {Schwarz hat keine Zeit, das Eindringen des gegnerischen Königs am
Damenflügel zu verhindern; auf} (40... Ke7 {geschieht} 41. Rxc3 {mit Deckung
des Bauern auf h3.}) 41. c6 Ke7 42. Kc5 Kd8 43. Kxb5 Kc7 44. Ka6 Kxc6 ({Nach} 
44... Rf3 45. b5 Rxf4 46. b6+ Kxc6 47. Rxc3+ Kd7 48. a3 (48. b7 {ist falsch:}
Ra4+ 49. Kb6 Rb4+ 50. Ka6 Ra4+ 51. Kb5 Rxa2 $11) 48... Ra4+ 49. Kb5 Ra8 50. a4
{verliert Schwarz offensichtlich den Wettlauf.}) 45. b5+ Kc7 46. Ka7 Rd3 47.
b6+ Kd7 48. b7 Rd2 49. b8=Q Rxc2 50. Qb7+ Ke8 51. Qb3 1-0

[Event "EU-chT (Men) 13th"]
[Site "Leon"]
[Date "2001.11.11"]
[Round "6.1"]
[White "Moreno Carnero, Javier"]
[Black "Radjabov, Teimour"]
[Result "0-1"]
[WhiteElo "2514"]
[BlackElo "2567"]
[PlyCount "52"]
[EventDate "2001.11.06"]
[EventType "team-swiss"]
[EventRounds "9"]
[EventCountry "ESP"]
[SourceTitle "CBM 086"]
[Source "ChessBase"]
[SourceDate "2002.02.05"]
[SourceVersion "1"]
[SourceVersionDate "2002.02.05"]
[SourceQuality "1"]
[WhiteTeam "Spain II"]
[BlackTeam "Azerbaijan"]
[WhiteTeamCountry "ESP"]
[BlackTeamCountry "AZE"]

1. e4 e6 2. d4 d5 3. Nc3 dxe4 4. Nxe4 Nd7 5. Bd3 Ngf6 6. Nxf6+ Nxf6 7. Nf3 c5
8. O-O cxd4 9. Nxd4 Be7 10. b3 O-O 11. Bb2 a6 12. c4 Qc7 13. Re1 b6 14. Qf3 Bb7
15. Qh3 Rfe8 16. Re3 Bd6 17. Nf3 Bf4 18. Be5 Bxe5 19. Nxe5 Rad8 20. Rae1 Rd4
21. Rg3 Kf8 22. Ng4 Nxg4 23. Rxg4 Rxg4 24. Qxg4 h6 25. Be4 f5 26. Qf3 Qe5 0-1

[Event "Pamplona 0102"]
[Site "Pamplona"]
[Date "2001.12.27"]
[Round "1"]
[White "Almasi, Zoltan"]
[Black "Radjabov, Teimour"]
[Result "1/2-1/2"]
[WhiteElo "2644"]
[BlackElo "2567"]
[Annotator "Radjabov,T"]
[PlyCount "66"]
[EventDate "2001.12.27"]
[EventType "tourn"]
[EventRounds "9"]
[EventCountry "ESP"]
[EventCategory "14"]
[SourceTitle "CBM 087"]
[Source "ChessBase"]
[SourceDate "2002.03.21"]
[SourceVersion "1"]
[SourceVersionDate "2002.03.21"]
[SourceQuality "1"]

1. e4 e6 2. d4 d5 3. Nd2 Be7 4. Bd3 c5 5. dxc5 Nf6 6. Qe2 O-O 7. Ngf3 a5 $5 8.
c3 Nfd7 9. exd5 Nxc5 10. Bb5 exd5 11. O-O Nc6 (11... Nba6 {xb5} 12. Re1 (12.
Nb3 Nxb3 13. axb3 Nc5 14. b4 Nb3 15. Ra3 Nxc1 16. Rxc1 Bg4 $11) 12... Bf6 13.
Nd4 Nc7 14. N2f3 Bg4 $5 (14... a4 $5 {idea a3 xc3}) 15. h3 Bh5 16. Be3 Bxd4 $5
{xf3} 17. Bxd4 N5e6 $11) 12. Nd4 (12. Nb3 $5 $11) 12... Bd7 (12... Nxd4 $1 13.
cxd4 Ne6 {xd4} 14. Nf3 (14. Qd3 Qb6 15. Nf3 a4 $15 {xb5}) 14... Nc7 (14... Bf6
$5 15. Be3 Nc7 $15) 15. Bd3 Bg4 16. Qe3 $1 Bd6 17. Ne5 Be6 $13) 13. N2f3 Bf6
14. Be3 Re8 $13 15. Rfd1 Ne4 {idea a4} (15... Nxd4 16. Nxd4 a4 $5 $11 {idea a3
xc3}) 16. a4 $1 {[%csl Ga4] x a5 xb5} Qc7 (16... Rc8 17. Re1 (17. Nb3 $5 $14 {
xa5 xb6}) 17... Nxd4 18. Nxd4 Bxd4 19. cxd4 Bxb5 $11) 17. h3 $5 {xg4} (17. Nc2
Bg4 $5 18. Rxd5 Bxc3 $5 19. bxc3 Nxc3 20. Qc4 Bxf3 21. Rc5 Ne2+ 22. Kf1 Re4 23.
Qa2 Qxh2 24. gxf3 Nf4 $5 (24... Ned4 $3 25. Ke1 Nxc2+ 26. Rxc2 Qh1+ 27. Kd2
Rd8+ 28. Bd3 Qxf3 $19) 25. Bxf4 $4 (25. Rg5 Rxe3 $5 (25... Qh3+ 26. Ke1 Qxf3
27. Rg3 Ng2+ 28. Kf1 Nxe3+ 29. Nxe3 Qh1+ 30. Ke2 (30. Rg1 Qh3+ 31. Rg2 Rd8 $15)
) 26. Nxe3 (26. fxe3 Nh3 27. Nd4 Qxa2 (27... Qh1+ $5 28. Ke2 Nxd4+ 29. exd4
Qh2+ 30. Kd3 Qxa2 31. Rxa2 Nxg5 $17) 28. Rxa2 Nxg5 $15) 26... Nd4 $1 27. Nd5 (
27. Rg4 h5 $19) (27. Qb2 Qh3+ 28. Ke1 Nxf3+ $19) 27... Nh3 $19) 25... Qh1#)
17... Rad8 18. Rac1 Nd6 19. Qd2 Nxd4 (19... Ne5 20. Bxd7 Rxd7 21. Nxe5 Bxe5 22.
b3 $11) (19... Nc4 $2 20. Bxc4 dxc4 21. Nb5 $16 {xb6}) (19... Bxd4 $5 20. Bxd4
Nc4 $13) 20. Bxd4 (20. cxd4 $6 Qb6 $15) (20. Nxd4 Nc4 $15) 20... Ne4 (20...
Bxd4 21. cxd4 (21. Nxd4 Bxb5 22. axb5 Nc4 $11) 21... Qb6 22. Bxd7 Rxd7 $11) 21.
Qd3 Bc6 $14 22. Bxf6 Nxf6 23. Nd4 Ne4 24. Re1 Nc5 $6 $138 25. Qc2 Ne6 26. Qd2
$6 $138 (26. Bd3 $5 {xc6}) 26... Bxb5 27. Nxb5 Qc4 28. Qc2 g6 29. Re3 Kf8 30.
b3 Qf4 31. Rce1 Ng5 $6 (31... Nc5 $5 {+/=  =}) 32. Qd1 Rxe3 33. Rxe3 Re8 $6 {
1/2 Draw  34.Rxe8!-Kxe8 35.f3!!-Qe3 36.Kf1-Ne6 37.Qxd5-Kg8!? Compensation!} (
33... Ne6 $11) 1/2-1/2

[Event "Pamplona 0102"]
[Site "Pamplona"]
[Date "2001.12.28"]
[Round "2"]
[White "Bologan, Viktor"]
[Black "Radjabov, Teimour"]
[Result "1/2-1/2"]
[WhiteElo "2668"]
[BlackElo "2567"]
[Annotator "Stohl,I"]
[PlyCount "80"]
[EventDate "2001.12.27"]
[EventType "tourn"]
[EventRounds "9"]
[EventCountry "ESP"]
[EventCategory "14"]
[SourceTitle "CBM 087"]
[Source "ChessBase"]
[SourceDate "2002.03.21"]
[SourceVersion "1"]
[SourceVersionDate "2002.03.21"]
[SourceQuality "1"]

1. Nf3 {Radjabov} Nf6 2. c4 g6 3. g3 Bg7 4. Bg2 O-O 5. O-O d6 6. Nc3 Nc6 7. d4
a6 8. h3 Bd7 9. e4 e5 10. dxe5 {'!?' Radjabov.} ({It's well-known Black gets
good compensation after} 10. d5 Nd4 $1 11. Nxd4 exd4 12. Qxd4 Qc8 13. h4 Ng4
14. Qd1 Ne5 15. Qb3 b5 16. cxb5 axb5 17. Nxb5 Qb8 18. Na3 Qxb3 19. axb3 Nd3 20.
Nc2 Rxa1 21. Nxa1 Bd4 22. Be3 Bxe3 23. fxe3 Ra8 24. Nc2 Ra2 25. Rb1 Kf8 26. Bf1
{1/2,Neverov,V-Antoniewski,R/Prerov/2001/} Nc5 $44) (10. Be3 {Radjabov} exd4
11. Nxd4 Re8 12. Re1 Rb8 $5 13. Nxc6 bxc6 14. Qd2 Qc8 15. Kh2 c5 16. Rab1 Bc6
17. Bh6 Bh8 (17... Bxh6 $5 {Radjabov} 18. Qxh6 Qb7 $5 (18... Nd7 $5 {Radjabov})
) 18. b3 Qb7 19. Nd5 Nxd5 20. exd5 Bd7 21. h4 {1/2 Huebner.R 2612 -Radjabov.T
2567 Leon 2001}) 10... dxe5 (10... Nxe5 11. Nxe5 (11. c5 $5 Nxf3+ 12. Qxf3 $14)
11... dxe5 12. Be3 Be6 13. Qe2 Qc8 14. Kh2 c6 15. Rac1 $14 {[%csl Rb6] ><b6} b5
$2 16. cxb5 axb5 17. Nd5 Qb7 18. Rxc6 Bxd5 19. exd5 e4 20. Rc5 $16 {Ilincic,
Z-Pikula,D/YUG-ch Niksic/1997/}) 11. Re1 {The whole line promises White some
prospects for an edge, Black must defend carefully to achieve complete
equality. The text is a more recent try.} ({The older move was} 11. Be3 Be6 12.
Qa4 Qc8 (12... Qd3 $2 13. Nd5 b5 14. Qd1 bxc4 15. Nxc7 Rac8 16. Nxe6 fxe6 17.
Qa4 Qe2 18. Rfe1 Qxb2 19. Rab1 Qc3 20. Rec1 Qd3 21. Bf1 Qxe4 22. Ng5 Qf5 23.
Bxc4 Nd5 24. g4 Qf6 25. Bxd5 exd5 26. Rb6 d4 27. Rcxc6 {1-0,Tukmakov,V-Smirin,
I/CRO-chT Pula/2001/}) 13. Kh2 h6 (13... Re8 14. Rfd1 h6 15. c5 Nd7 16. Rac1
Na7 17. Bf1 c6 18. Bc4 Bxc4 19. Qxc4 Qc7 20. Na4 Rad8 21. Nb6 Nf8 22. Qb3 Ne6
23. Nc4 {Nogueiras,J-Mista,A/Cappelle la Grande/2002/} Nb5 $14) 14. Rfd1 Kh7
15. c5 Rd8 16. Bf1 Rxd1 17. Rxd1 Qe8 18. b4 Rd8 19. Rxd8 Qxd8 20. b5 (20. a3
Nd4 $5 $132) 20... axb5 21. Bxb5 Bd7 22. Nd5 Be8 23. Nc3 Bd7 24. Qd1 Qe8 25.
Bf1 Be6 26. Nb5 Qe7 27. Qa4 Qd8 28. Bc4 Bxc4 29. Qxc4 Qd7 $11 {Vaganian,
R-Lanka,Z/Bundesliga 9900/1999/}) 11... h6 {'!?' Radjabov. Radjabov: 'Idea
Nh7-g5'} (11... Re8 12. Nd5 Nxd5 13. cxd5 Nd4 14. Nxd4 exd4 15. Bf4 (15. f4
$142 $1 c6 16. e5 $14) 15... c6 16. Qb3 Qc8 17. h4 b5 18. e5 c5 19. Qd1 h6 20.
b4 g5 21. hxg5 hxg5 22. Bxg5 Rxe5 23. Rxe5 Bxe5 $13 {Pert,N-Djukic,N/WChJ
Athens/2001/}) 12. Nd5 Nh7 $146 {[%mdl 8] Radjabov uses a similar idea as
Fedorov in the game below, but still White could have kept some nagging
pressure.} (12... Be6 13. b4 (13. Bd2 Ne8 14. Rc1 Nd6 15. b3 Kh7 16. Bc3 Qd7
17. Kh2 Rae8 $132 {1/2,Magerramov,E-Sakaev,K/Dubai op/2000/}) 13... Nh7 $5 (
13... Nd7 14. Bb2 Ne7 15. Qe2 c6 16. Rad1 $1 cxd5 17. cxd5 Qb6 18. Nd2 $1 Qxb4
19. Nc4 Nb6 20. Nxb6 Qxb6 21. Ba3 Rfe8 22. Rb1 $36 {Efimov,I-Socko,B/Saint
Vincent op/2001/}) 14. Be3 f5 15. exf5 (15. Nh4 $5) 15... gxf5 16. Bf4 exf4 17.
Rxe6 fxg3 18. fxg3 Ng5 19. Rg6 Qe8 20. Nh4 Qe5 21. Rb1 Qxg3 22. Qh5 Nxh3+ 23.
Kh1 Nf2+ 24. Kg1 Ng4 25. Nxf5 Qf2+ 26. Kh1 Qxf5 27. Qxf5 Rxf5 28. Rxg4 $44 {
=,Pigusov,E-Fedorov,A/Dubai op/2001/}) (12... Be6 {Radjabov}) 13. Be3 (13. b4
Ng5 14. Nxg5 hxg5 15. Bb2 Nd4 16. c5 Be6 $13) 13... Ng5 {[%csl Rd4] ><d4
Radjabov: 'xd4'} (13... f5 14. Nh4 f4 15. Bc5 $16) 14. Nxg5 hxg5 15. Qb3 {
'!?' Radjabov. Tempting, but promises little.} (15. Qd2 g4 (15... f6 16. Rad1
$16) 16. hxg4 Bxg4 17. Bg5 $1 f6 (17... Qd7 18. Bf6 $36 (18. Nf6+ Bxf6 19. Qxd7
Bxd7 20. Bxf6 Rae8 21. Rad1 Bc8 22. f4 $14)) (17... Qd6 18. Nf6+ (18. b4 $36)
18... Bxf6 19. Qxd6 cxd6 20. Bxf6 {/\} Nd4 21. f3 $1 Nxf3+ (21... Bxf3 22. Bxf3
$1 Nxf3+ 23. Kg2 $18) 22. Bxf3 Bxf3 23. Kf2 Bh5 24. Rg1 $16) 18. Be3 $14) 15...
Rb8 16. Rad1 Nd4 {'!' Radjabov.} 17. Bxd4 exd4 {Radjabov: 'idea c6'} 18. e5 c6
(18... g4 19. Rxd4 $5 (19. hxg4 c6 20. Nf6+ Bxf6 21. Rxd4 $1 (21. exf6 Bxg4 22.
f3 Be6 $15) 21... Re8 22. Red1 Rxe5 23. Rxd7 Re1+ 24. Kh2 $14) 19... gxh3 20.
Bh1 $36) 19. Nf6+ {'!?' Radjabov.} (19. Nb6 Bf5 (19... Be6 {Radjabov} 20. Qb4
Qc7 $5 (20... Re8 {Radjabov} 21. c5 Qc7 22. Rxd4 Bxe5 23. Rde4 Bf6 $11) 21. Qc5
Rfd8 22. Rxd4 Bf8 23. Rxd8 Rxd8 24. Qa5 Qe7 $1 $15) 20. g4 Bc2 $5 21. Qxc2 Qxb6
22. e6 Qc7 $132) (19. Nb4 {Radjabov} Re8 20. Nd3 Bf5 $15) 19... Bxf6 20. exf6
$6 {[%mdl 64]} ({More ambitious and interesting was the tactical} 20. Rxd4 $142
$5 c5 (20... Qa5 21. Re2 Bxe5 22. Rxd7 $36) 21. Rd3 (21. Rd5 Qa5 22. Qc3 Qxc3
23. bxc3 Be6 24. exf6 Bxd5 25. cxd5 b5 $15) 21... Qa5 22. Qd1 Rbd8 (22... Ba4
23. b3 $16) 23. exf6 (23. Ra3 Qb6 $11) 23... Bg4 24. Rxd8 Bxd1 25. Rxf8+ Kxf8
26. Rxd1 $44 {/+/=}) 20... Qxf6 (20... c5 $6 {Radjabov} 21. Re7 (21. Qf3 {
Radjabov} Bc6 $11) (21. Qa3 $5 {(Radjabov) xc5 x a6} b6 22. Re7 $14) 21... Be6
(21... Bc6 {Radjabov} 22. Bxc6 bxc6 23. Qa3 Qd6 24. b3 $14) 22. Rxb7 $14) 21.
Qb6 Rfe8 $1 22. Rf1 {'!' Radjabov.} (22. Rxe8+ Rxe8 23. Qxb7 (23. Qxd4 {
Radjabov} Re1+ $1 24. Kh2 Qxd4 25. Rxd4 Be6 $15) (23. Rxd4 $4 {Radjabov} Re1+
24. Bf1 (24. Kh2 {Radjabov} Qxf2 $19) 24... Bxh3 $19) 23... Re2 {'!' Radjabov.}
24. Rf1 Bf5 $36 {[%csl Gd4] o^d}) 22... Bf5 23. Rxd4 Re2 24. g4 Be6 25. a4 Re8
26. b3 Kg7 27. Rd3 Bc8 $11 {/=/+ Black has activated his R and has no problems.
} 28. Bf3 Rb2 29. Kg2 Qf4 30. Qb4 ({White returns with his Q to the defence,
he probably feared} 30. a5 f5 $5 31. Rfd1 fxg4 32. hxg4 Rf8 $13) 30... Rc2 {
'!' Radjabov. Radjabov: 'xc3 '} (30... f5 $2 {Radjabov} 31. Rd8 (31. Re1 $1 {
Radjabov} Rxe1 32. Qxe1 fxg4 33. hxg4 Qf6 34. Re3 $16 {x black King}) 31...
Rxb3 $15 (31... Rxd8 {Radjabov} 32. Qe7+ Kh6 33. Qxd8 $18) (31... fxg4 {
Radjabov} 32. Rxe8 gxh3+ 33. Kg1 h2+ 34. Kh1 Qxf3+ 35. Kxh2 Qh3+ 36. Kg1 $11))
31. Qa3 Qe5 {'?!' Radjabov.} (31... Re3 $142 $5 32. Rxe3 Qxe3 $36 33. a5 Rd2
34. Qa1+ Kg8 35. Qe1 $2 Qxe1 36. Rxe1 Be6 $15) 32. Kg1 {/\Re3} Qf4 {'(+)'
Radjabov.} 33. Qa1+ (33. Kg2 Re3 $15) 33... Qf6 34. Qd1 Rc3 $6 {Exchanging the
active R is a relief for White.} (34... Qb2 $5 $15 {/\} 35. Rd8 Rxd8 36. Qxd8
Qf6 $1) (34... Rb2 $36) 35. Kg2 Rxd3 36. Qxd3 Rd8 37. Qe3 $11 Qf4 38. Qc3+ (38.
Qxf4 $6 gxf4 39. h4 (39. a5 g5 $11 {/=/+}) 39... Rd3 40. Rb1 a5 $1 {_|_ can be
dangerous only for White, his <<P are on the wrong squares and Black's pieces
are active.}) 38... Qf6 39. Qe3 {For the above reasons White avoids the _|_,
Black has no reasonable way to improve his position.} Qf4 (39... a5 40. Re1 Be6
41. Qb6 Rd3 42. Re3 $11) 40. Qc3+ Qf6 1/2-1/2